000 00560nam a2200181Ia 4500
003 GCL
008 140319s9999 xx 000 0 ara d
040 _aGCL /
_cGCL
082 0 4 _a813.01
_bع ض
100 1 _aعبدالوهاب داود
245 1 0 _aالضوء الاحمر : مجموعة قصص قصيرة /
_cعبدالوهاب داود
300 _a159 ص
490 _a
650 0 4 _aالقصص القصيرة
650 0 4 _aالقصص العربية القصيرة
650 0 4 _aالادب العربى - العصر الحديث
942 _2ddc
_cBK
999 _c40172
_d40172